000 00705nam a2200205 a 4500
001 000024533
005 20250120084525.0
008 110131s1998 dr 001 0 spa d
020 _a8489953120
040 _aDO-SdBNP
_bspa
_cBNPHU
082 _aRD861.44
_bA958cu
100 1 _aAvilés Blonda, Máximo,
_d1931-1988
_97914
245 1 0 _aCuaderno de la infancia /
_cMáximo Avilés Blonda.
260 _aSanto Domingo :
_bBanco Central de la República Dominicana. Departamento de Cultura,
_c1998.
300 _a119 p. :
_bretrs. ;
_c23 cm.
590 _aInventariado, 2018/LP
650 0 _aPoesía dominicana
_966
650 0 _aLiteratura dominicana.
_967
910 _aValidado. Control de calidad MMOLINA
999 _c24026
_d24026